America's Most Wanted Sneaker Brands - Statistics

General Stats
  • This quiz has been taken 281 times
  • The average score is 6 of 10
Answer Stats
Position Brand % Correct
01 Nike
100%
02 Adidas
97%
08 Puma
72%
05 Converse
69%
03 New Balance
60%
07 ASICS
58%
06 Under Armour
33%
10 FILA
29%
04 Skechers
23%
09 Timberland
15%
No matching quizzes found
Score Distribution
Percent of People with Each Score
Percentile by Number Answered
Your Score History
You have not taken this quiz